00347nam a2200133Ia 4500008004100000020001500041041001200056082001600068100001600084245005700100260003500157300000800192650001300200221030s9999 xx 000 0 und d a8121910536 aEnglish a105.23bMeh aV. K. Mehta 0aElectrical Engineering & Electronicscby V. K. Mehta bS.Chand & Co.aNew Delhic2000 a721 aECE & EE